| LEADER 00000nam 2200000uu 4500 |
| 001 214428 |
| 003 ULIBM |
| 008 020711s2568 th a 000 0 tha d |
| 020 ^a9789746924535
|
| 041 ^atha^beng
|
| 060 4 ^aWY152 ร333อ 2568
|
| 100 ^aรัชนี ผิวผ่อง.
|
| 245 ^aเอกสารประกอบการสอนรายวิชา การพยาบาลผู้ใหญ่ 1 =^bAdult nursing 1/^cรัชนี ผิวผ่อง.
|
| 260 ^aบุรีรัมย์ :^bคณะพยาบาลศาสตร์ มหาวิทยาลัยราชภัฎบุรีรัมย์,^c2568
|
| 300 ^aก-ฉ,309 หน้า :^bภาพประกอบ ;^c30 ซม.
|
| 650 4 ^aการพยาบาล
|
| 710 2 ^aมหาวิทยาลัยราชภัฎบุรีรัมย์.^bคณะพยาบาลศาสตร์
|
| 856 ^zการพยาบาลผู้ใหญ่ 1.pdf (สารบัญหนังสือ)^uhttp://43.133.101.113/ULIB62015//_fulltext/5/214428/20250903092127_2592.pdf |
| 999 ^aใช้งานได้ทุกระบบ
|